<?xml version="1.0" encoding="UTF-8"?>
<record
    xmlns:xsi="http://www.w3.org/2001/XMLSchema-instance"
    xsi:schemaLocation="http://www.loc.gov/MARC21/slim http://www.loc.gov/standards/marcxml/schema/MARC21slim.xsd"
    xmlns="http://www.loc.gov/MARC21/slim">

  <leader>01257nam a22002297a 4500</leader>
  <controlfield tag="005">20211213150415.0</controlfield>
  <controlfield tag="008">211213b           ||||| |||| 00| 0 eng d</controlfield>
  <datafield tag="020" ind1=" " ind2=" ">
    <subfield code="a">8186356118</subfield>
  </datafield>
  <datafield tag="040" ind1=" " ind2=" ">
    <subfield code="c">AL</subfield>
  </datafield>
  <datafield tag="041" ind1=" " ind2=" ">
    <subfield code="a">eng</subfield>
  </datafield>
  <datafield tag="082" ind1=" " ind2=" ">
    <subfield code="2">23</subfield>
    <subfield code="a">613.7046</subfield>
    <subfield code="b">DEBY</subfield>
  </datafield>
  <datafield tag="100" ind1=" " ind2=" ">
    <subfield code="a">Barin De</subfield>
    <subfield code="9">11582</subfield>
  </datafield>
  <datafield tag="245" ind1=" " ind2=" ">
    <subfield code="a">Yogic Power</subfield>
  </datafield>
  <datafield tag="260" ind1=" " ind2=" ">
    <subfield code="a">Calcutta:</subfield>
    <subfield code="b">Sri Aurobindo Universal &amp; Mona Lisa Publishers,</subfield>
    <subfield code="c">1995.</subfield>
  </datafield>
  <datafield tag="300" ind1=" " ind2=" ">
    <subfield code="a">242 p.</subfield>
    <subfield code="b">PB</subfield>
    <subfield code="c">21x13 cm.</subfield>
  </datafield>
  <datafield tag="365" ind1=" " ind2=" ">
    <subfield code="b">185.00</subfield>
    <subfield code="c">&#x20B9;</subfield>
    <subfield code="d">185.00</subfield>
  </datafield>
  <datafield tag="520" ind1=" " ind2=" ">
    <subfield code="a">THIS RARE/ANTIQUE BOOK PUBLISHED IN THE YEAR 1995 BY Mona lisa publishers HAVING 248 PGS AND SIZE 8.50*5.25 WRITTEN IN English. THE BOOK IS IN READABLE CONDITION Originally in Softcover with some issues like loose binding. The book is having B/W Plates. THE IMAGES OF THESE BOOKS ARE GIVEN FOR YOUR REFERENCE. YOU CAN GET THIS OLD RARE BOOK AS GIVEN IN THE FIRST IMAGE OF LEATHER BINDING ONLY AGAINST REQUEST WITHOUT EXTRA CHARGES. YOU NEED TO CONFIRM US AFTER PLACING THE ORDER ABOUT YOUR REQUIRMENT. WE WILL REBIND THIS BOOK AFTER GETTING YOUR CONFIRMATION OTHERWISE WE WILL SEND YOU THE ORIGINAL BOOK WITHOUT ANY CHANGE. Seller Inventory # RR1111111121845</subfield>
  </datafield>
  <datafield tag="650" ind1=" " ind2=" ">
    <subfield code="a">Yoga</subfield>
    <subfield code="9">11579</subfield>
  </datafield>
  <datafield tag="650" ind1=" " ind2=" ">
    <subfield code="a">Physical Fitness</subfield>
    <subfield code="9">11580</subfield>
  </datafield>
  <datafield tag="700" ind1=" " ind2=" ">
    <subfield code="a">DE (Barin)</subfield>
    <subfield code="9">11581</subfield>
  </datafield>
  <datafield tag="942" ind1=" " ind2=" ">
    <subfield code="2">ddc</subfield>
    <subfield code="c">GF</subfield>
  </datafield>
  <datafield tag="999" ind1=" " ind2=" ">
    <subfield code="c">220935</subfield>
    <subfield code="d">220935</subfield>
  </datafield>
  <datafield tag="952" ind1=" " ind2=" ">
    <subfield code="0">0</subfield>
    <subfield code="1">0</subfield>
    <subfield code="2">ddc</subfield>
    <subfield code="4">0</subfield>
    <subfield code="7">0</subfield>
    <subfield code="8">OTH</subfield>
    <subfield code="a">AL</subfield>
    <subfield code="b">AL</subfield>
    <subfield code="d">2013-03-24</subfield>
    <subfield code="l">0</subfield>
    <subfield code="o">613.7046 DEBY</subfield>
    <subfield code="p">GF01103</subfield>
    <subfield code="r">2021-12-13 00:00:00</subfield>
    <subfield code="w">2021-12-13</subfield>
    <subfield code="y">GF</subfield>
  </datafield>
  <datafield tag="952" ind1=" " ind2=" ">
    <subfield code="0">0</subfield>
    <subfield code="1">0</subfield>
    <subfield code="2">ddc</subfield>
    <subfield code="4">0</subfield>
    <subfield code="7">0</subfield>
    <subfield code="8">OTH</subfield>
    <subfield code="a">AL</subfield>
    <subfield code="b">AL</subfield>
    <subfield code="d">2013-03-24</subfield>
    <subfield code="l">0</subfield>
    <subfield code="o">613.7046 DEBY</subfield>
    <subfield code="p">GF01102</subfield>
    <subfield code="r">2021-12-13 00:00:00</subfield>
    <subfield code="w">2021-12-13</subfield>
    <subfield code="y">GF</subfield>
  </datafield>
</record>
